Pablo apóstol

Збережено в:
Бібліографічні деталі
Автор: Mesters, Carlos Mesters, Frei Carlos (autor)
Формат: Книга
Мова:Іспанська
Опубліковано: Ciudad de México Dabar 1993
Предмети:
Теги: Додати тег
Немає тегів, Будьте першим, хто поставить тег для цього запису!

MARC

LEADER 00000nam a2200000 a 4500
001 UCZ1191
003 CL-VaPUC
008 950817e19930000MX |||||||||||||||||spa|d
082 0 4 |a 227  |b MES  |2 21 
100 |a Mesters, Carlos  |e autor  |q Mesters, Frei Carlos  |9 477776 
245 1 0 |a Pablo apóstol 
246 1 3 |a Un trabajador que anuncia el Evangelio 
300 |a 159 p 
942 |c BK 
945 |d 19950817 00:00:00  |a aalvarez 
260 |a Ciudad de México  |b Dabar  |c 1993 
600 0 |a Pablo, Santo Apóstol   |9 316902 
650 7 |a CRISTIANISMO ORIGEN  |2 CL-VaPUC  |9 315867 
583 |a last modification  |c 19950817 00:00:00  |k Rodrigo Vera 
999 |c 237984  |d 237982 
952 |0 0  |1 0  |4 0  |6 227_000000000000000_MES_1993  |7 0  |8 A  |9 247872  |a BIBTEO  |b BIBTEO  |d 2019-11-18  |i 3122417  |o 227 MES 1993  |p 3122417  |r 2025-01-17  |w 2019-11-18  |y BK  |k ICR